Patria y democracia

Պահպանված է:
Մատենագիտական մանրամասներ
Հիմնական հեղինակ: Pinochet Ugarte, Augusto (1915-2006)
Ձևաչափ: Գիրք
Լեզու:իսպաներեն
Հրապարակվել է: Santiago Andrés Bello 1985
Խորագրեր:
Ցուցիչներ: Ավելացրեք ցուցիչ
Չկան պիտակներ, Եղեք առաջինը, ով նշում է այս գրառումը!

MARC

LEADER 00000nam a2200000 a 4500
001 UCS2689
003 CL-VaPUC
008 970604e19850000CL |||||||||||||||||spa|d
082 0 4 |a 983.065  |b PIN  |2 21 
100 |a Pinochet Ugarte, Augusto,  |e 1915-2006  |9 374419 
245 1 0 |a Patria y democracia 
300 |a 271 p 
942 |c BK 
945 |d 19970604 00:00:00  |a paguirre 
260 |a Santiago  |b Andrés Bello  |c 1985 
650 0 |a Historia  |9 255047 
650 0 |a Comunismo  |9 255588 
650 0 |a Ideologías  |9 255200 
650 7 |a SISTEMAS POLITICOS  |2 CL-VaPUC  |9 388388 
650 0 |a Democracia  |9 255256 
650 0 |a Doctrinas políticas  |9 255835 
651 7 |a CHILE  |2 CL-VaPUC  |9 388389 
583 |a last modification  |c 19970604 00:00:00  |k Rodrigo Vera 
999 |c 260627  |d 260625 
952 |0 0  |1 0  |4 0  |6 983_065000000000000_PIN_1985  |7 0  |8 P  |9 286875  |a BIBDER  |b BIBDER  |d 2019-11-19  |i 1864246  |o 983.065 PIN 1985  |p 1864246  |r 2023-01-25  |w 2019-11-19  |y BK  |k DER